Les pays proches de la Russie - Statistiques

Statistiques générales
  • Ce quiz a été pris 79 fois
  • Le résultat moyen est 20 sur 28
Statistiques - réponses
km Pays % Correct
0 Chine
97%
0 Ukraine
94%
0 Biélorussie
90%
0 Pologne
87%
0 Corée du Nord
84%
0 Estonie
84%
0 Mongolie
84%
0 Finlande
82%
0 Lituanie
82%
0 Lettonie
81%
6 Japon
79%
0 Kazakhstan
78%
454 Corée du Sud
76%
221 Suède
75%
0 Norvège
74%
141 Turquie
72%
215 Roumanie
71%
0 Azerbaïdjan
69%
0 Géorgie
68%
212 Moldavie
68%
110 Arménie
62%
359 Bulgarie
60%
4 États-Unis
57%
358 Allemagne
53%
321 Turkménistan
51%
165 Iran
49%
298 Danemark
47%
478 République tchèque
40%
Aucun quiz correspondant
Distribution des résultats
% des personnes avec chaque résultat
Percentile par nombre de réponses
Votre historique - résultats
Vous n’avez pas pris ce quiz